| 000 | 00645cam a2200205ua 4500 | ||
|---|---|---|---|
| 020 | _c42.50 | ||
| 041 |
_aeng _h |
||
| 082 |
_a515.64 _bWEI/CA |
||
| 100 | _aWeinstock, Robert . | ||
| 245 |
_aCalculus of variations with applications to physics and engineering / _cRobert Weinstock. _hTextual Documents |
||
| 250 |
_a1 / _b. |
||
| 260 |
_aNew York : _bMcGraw Hill Book Company , _c1952. |
||
| 300 | _a326 ; . | ||
| 365 | _a42.50 | ||
| 440 | 0 |
_aInternational series in pure and applied mathematics, _v _x; |
|
| 490 | 0 |
_aInternational series in pure and applied mathematics, _v _x; |
|
| 504 | _a | ||
| 942 | _cBK | ||
| 999 |
_c9913 _d9913 |
||